Inshā-yi Māhrū. (Record no. 88801)

MARC details
000 -LEADER
fixed length control field 00999cam a22002651 4500
001 - CONTROL NUMBER
control field sa 68019067
003 - CONTROL NUMBER IDENTIFIER
control field DLC
005 - DATE AND TIME OF LATEST TRANSACTION
control field 20260227112716.0
008 - FIXED-LENGTH DATA ELEMENTS--GENERAL INFORMATION
fixed length control field 881028s1965 ii b 000 0 arar
010 ## - LIBRARY OF CONGRESS CONTROL NUMBER
LC control number sa 68019067
035 ## - SYSTEM CONTROL NUMBER
System control number (OCoLC)18685877
040 ## - CATALOGING SOURCE
Original cataloging agency DLC
Transcribing agency WaU
Modifying agency OCoLC
-- DLC
042 ## - AUTHENTICATION CODE
Authentication code premarc
050 00 - LIBRARY OF CONGRESS CALL NUMBER
Classification number DS485.D3
Item number M34 1965
100 1# - MAIN ENTRY--PERSONAL NAME
Personal name Māhrū, ʻAinuddīn ʻAinulmulk ʻAbdullāh,
Dates associated with a name active 14th century.
245 10 - TITLE STATEMENT
Title Inshā-yi Māhrū.
Statement of responsibility, etc. Munshāt ʻAinuddīn ʻAinulmulk ʻAbdullāh bin Mahrū. Bātasḥīh-ʻi va muqaddamat-i Abdur Rashīd.
260 ## - PUBLICATION, DISTRIBUTION, ETC.
Place of publication, distribution, etc. Lahor,
Name of publisher, distributor, etc. Intishārāt-i Taḥqiqāt-i Pakistān,
Date of publication, distribution, etc. [1965]
300 ## - PHYSICAL DESCRIPTION
Extent 244, 53, [1] p.
410 20 - SERIES STATEMENT/ADDED ENTRY--CORPORATE NAME [OBSOLETE, CAN/MARC], [LOCAL, USA]
Corporate name or jurisdiction name as entry element Research Society of Pakistan.
Title of a work Publication,
Volume number/sequential designation no. 1
500 ## - GENERAL NOTE
General note Added t.p.: Inshāʼi-Māhrū, letters of ʻAin ud-Din ʻAin ul-Mulk Abdullah bin Mahru.
500 ## - GENERAL NOTE
General note Introd. in English.
504 ## - BIBLIOGRAPHY, ETC. NOTE
Bibliography, etc. note Bibliography: p.[54] (2d group)
651 #0 - SUBJECT ADDED ENTRY--GEOGRAPHIC NAME
Geographic name Delhi (India)
General subdivision History
-- Sources.
700 0# - ADDED ENTRY--PERSONAL NAME
Personal name Abdur Rashid.

No items available.

Powered by Koha